Języki w Afryce - Statystyki

Ogólne statystyki
  • Ten quiz został rozwiązany 423 razy
  • Średni wynik to 7 z 29
Statystyki odpowiedzi
Liczba państw Język % Poprawnych
22 angielski
96%
20 francuski
93%
12 arabski
82%
1 hiszpański
80%
5 portugalski
78%
1 włoski
48%
2 suahili
41%
1 afrikaans
35%
1 somalijski
27%
1 zulu
17%
1 amharski
16%
2 suazi
12%
1 malgaski
10%
2 sotho
10%
2 tamazight
9%
2 tswana
9%
1 kongo
7%
1 tigrinia
5%
1 rundi
4%
1 komoryjski
3%
1 ndebele
3%
1 seszelski
3%
1 cziczewa
2%
1 pedi
2%
1 tsonga
2%
1 venda
2%
1 kiniaruanda
1%
1 kosa
1%
1 sango
1%
Nie znaleziono quizów pasujących do podanych kryteriów
Rozkład punktacji
Procent ludzi z każdym wynikiem
Percentyl według liczby udzielonych odpowiedzi
Twoja historia wyników
Nie rozwiązałeś tego quizu